00736cam a2200241 a 450000100090000000300040000900500170001300800410003001000170007102000300008804000180011804200080013605000230014408200210016724500650018826000490025330000340030250400640033665000200040065000230042070000290044370000220047216919559OSt20150408114152.0110815s2012 nyua b 001 0 eng  a 2011029316 a9781621002871 (softcover) aDLCcDLCdDLC apcc00aQA274.8b.A53 201200a519.8/2223bANM00aAnalysis of min-pulse algebra /ceditors, Ming Li, Wei Zhao. aNew York :bNova Science Publishers,cc2012. axiii, 66 p. :bill. ;c22 cm. aIncludes bibliographical references (p. [55]-64) and index. 0aQueuing theory. 0aComputer networks.1 aLi, Ming,d1955 July 16-1 aZhao, Wei,d1953-